| 000 | 00860 a2200229 4500 | ||
|---|---|---|---|
| 008 | 240605b mp ||||| |||| 00| 0 mon d | ||
| 020 | _a99929-0-005-9 | ||
| 035 | _a3769 | ||
| 040 |
_aHE0623081 _bmon _cMN-UlNLM _dMN-UlNLM _erda |
||
| 041 | _amon | ||
| 042 | _a45343 | ||
| 084 |
_2NNA _a84(5Мон)-44 _bИ.625 |
||
| 100 | _aИнжаннаш В. | ||
| 245 | 0 | _aХөх судрын үлгэр | |
| 264 |
_aУБ. _bМонсудар ХГ _c2000 |
||
| 300 | _a292х. | ||
| 336 |
_2rdacontent _atext _btxt |
||
| 337 |
_2rdamedia _aunmediated _bn |
||
| 338 |
_2rdacarrier _avolume _bnc |
||
| 650 | _aВ.Инжаннашийн "Хөх судар" хэмээх гурамсан түүхэн романыг Б.Хянган хүүхэд залуучуудын уншлагад зориулж товчлон найруулсныг монгол... | ||
| 942 |
_2NNA _cBK |
||
| 999 |
_c876223 _d876280 |
||